000 00600 a2200133 4500
020 _a9290123506
082 _a069.074
_bIC17m
110 _aInternational Council of Museums (ICOM)
_91201
245 _aMuseos, patrimonio y turismo cultural
260 _aTrujillo, Peru-La Paz, Bolivia
_c2000
300 _a274 p
_bcol
_c24 cm
650 _xmuseos
_xturismo cultural
_xtaller
_xtaller de Peru
_xtaller de Bolivia
_zBarbados
_zBolivia
_zBrasil
_zCosta Rica
_zChile
_zEcuador
_zGuatemala
_zHonduras
_zMexico
_zParaguay
_zPeru
_zEslovenia
_zFrancia
_zRepublica Dominicana
_zUruguay
_zVenezuela
_zTurquia
_91202
710 _aICOM
_91206
999 _c261
_d261